| 000 | 00887nam0a22002771 4500 | ||
|---|---|---|---|
| 001 | rc\3654558 | ||
| 005 | 20250610091821.0 | ||
| 021 |
_aRU _b[70-94004] |
||
| 035 | _a(NLR Aleph) 007834975 | ||
| 090 |
_a9765566 _c9765566 |
||
| 100 | _a20130115d1970 |||y0rusy50 ca | ||
| 101 | 0 | _arus | |
| 102 | _aRU | ||
| 105 | _ay z ||||| | ||
| 200 | 1 | _aБашкирский народный героический эпос | |
| 210 |
_aУфа _cБашкнигоиздат _d1970 |
||
| 215 |
_a304 с. _d21 |
||
| 300 | _aВ вып. дан. авт.: Киреев Ахняф Нуриевич (Кирей Мэргэн) | ||
| 300 | _aНа тит. л. авт.: А.Н. Киреев | ||
| 608 |
_aБашкирский эпос _2psbo |
||
| 700 | 1 |
_aМэргэн Кирей _f1912-1984 |
|
| 801 | 0 |
_aRU _bNLR _gpsbo |
|
| 801 | 1 |
_aRU _bELAR _2rusmarc |
|
| 852 |
_aNLR _j70-3/7887 |
||
| 942 | _cBOOK | ||
| 980 | _aNB | ||